La evolución histórica, política y judicial de los decretos de necesidad y urgencia desde un enfoque constitucional y parlamentario / (Registro nro. 5408)
[ vista simple ]
| 000 -LEADER | |
|---|---|
| fixed length control field | 01424nab a22002897a 4500 |
| 003 - CONTROL NUMBER IDENTIFIER | |
| control field | OSt |
| 005 - DATE AND TIME OF LATEST TRANSACTION | |
| control field | 20250312095331.0 |
| 008 - FIXED-LENGTH DATA ELEMENTS--GENERAL INFORMATION | |
| fixed length control field | 190604e xxu||||| |||| 00| 0 spa d |
| 040 ## - CATALOGING SOURCE | |
| Transcribing agency | PJ |
| 100 ## - MAIN ENTRY--PERSONAL NAME | |
| 9 (RLIN) | 6436 |
| Personal name | Fernández Pego, Guillermo |
| 245 13 - TITLE STATEMENT | |
| Title | La evolución histórica, política y judicial de los decretos de necesidad y urgencia desde un enfoque constitucional y parlamentario / |
| Statement of responsibility, etc | Guillermo Fernández Pego. |
| 260 ## - PUBLICATION, DISTRIBUTION, ETC. (IMPRINT) | |
| Place of publication, distribution, etc | Ciudad Autónoma de Buenos Aires : |
| Name of publisher, distributor, etc | Thomson Reuters La Ley, |
| Date of publication, distribution, etc | 2024. |
| 300 ## - PHYSICAL DESCRIPTION | |
| Extent | p. 50- |
| 500 ## - GENERAL NOTE | |
| General note | Cita Online: TR LALEY AR/DOC/1528/24. |
| 505 ## - FORMATTED CONTENTS NOTE | |
| Formatted contents note | Sumario: I. Introducción.— II. Estado de situación.— III. Desarrollo.— IV. La Comisión Bicameral y su control. Ley 26.122.— V. Conclusión.— VI. Bibliografía.— VII. Jurisprudencia.— VIII. Páginas de internet. |
| 505 ## - FORMATTED CONTENTS NOTE | |
| Title | ¿Te interesa el texto completo? Solicitalo al correo: koha@justierradelfuego.gov.ar<br/> |
| 650 #0 - SUBJECT ADDED ENTRY--TOPICAL TERM | |
| 9 (RLIN) | 766 |
| Topical term or geographic name as entry element | CONSTITUCION NACIONAL |
| 650 #0 - SUBJECT ADDED ENTRY--TOPICAL TERM | |
| Topical term or geographic name as entry element | CONSTITUCION EXTRANJERA |
| 650 #0 - SUBJECT ADDED ENTRY--TOPICAL TERM | |
| 9 (RLIN) | 200 |
| Topical term or geographic name as entry element | DECRETOS DE NECESIDAD Y URGENCIA |
| 650 #0 - SUBJECT ADDED ENTRY--TOPICAL TERM | |
| 9 (RLIN) | 761 |
| Topical term or geographic name as entry element | PODER EJECUTIVO |
| 650 #0 - SUBJECT ADDED ENTRY--TOPICAL TERM | |
| 9 (RLIN) | 186 |
| Topical term or geographic name as entry element | PODER LEGISLATIVO |
| 650 #0 - SUBJECT ADDED ENTRY--TOPICAL TERM | |
| 9 (RLIN) | 4531 |
| Topical term or geographic name as entry element | DECRETO REGLAMENTARIO |
| 650 #0 - SUBJECT ADDED ENTRY--TOPICAL TERM | |
| 9 (RLIN) | 6437 |
| Topical term or geographic name as entry element | SANCION DE LA LEY |
| 650 #0 - SUBJECT ADDED ENTRY--TOPICAL TERM | |
| 9 (RLIN) | 4193 |
| Topical term or geographic name as entry element | PROYECTO DE LEY |
| 773 0# - HOST ITEM ENTRY | |
| Host Biblionumber | 2714 |
| Host Itemnumber | 3171 |
| Place, publisher, and date of publication | Ciudad Autónoma de Buenos Aires : Thomson Reuters La Ley, 2014- |
| Title | Revista anales de legislación argentina. Nº 7 - Julio 2024. |
| 942 ## - ADDED ENTRY ELEMENTS (KOHA) | |
| Source of classification or shelving scheme | |
| Koha item type | Analítica Artículo de Revista |
No hay ítems disponibles.
